[Event "Quebec op U2000"]
[Site "Montreal CAN"]
[Date "1997.07.26"]
[Round "1"]
[White "Muraszko, John"]
[Black "Gottlieb, Jonathan"]
[Result "1-0"]
[WhiteElo "1661"]
[BlackElo "1849"]
[PlyCount "74"]
[GameId "2160767911932479"]
[EventDate "1997.07.26"]
[EventType "swiss"]
[EventRounds "9"]
[EventCountry "CAN"]
[SourceTitle "hb 2015"]

1. e4 c5 2. Nf3 d6 3. g3 g6 4. d4 cxd4 5. Qxd4 Nf6 6. Bb5+ Bd7 7. Bxd7+ Qxd7 8. Nc3 Nc6 9. Qa4 Bg7 10. Be3 O-O 11. O-O-O Ng4 12. Nd5 e6 13. h3 exd5 14. hxg4 Qxg4 15. Ng5 h6 16. Rh4 Bxb2+ 17. Kd2 Qc8 18. Rxh6 d4 19. Rxg6+ fxg6 20. Qb3+ Kg7 21. Qxb2 Ne5 22. Qxd4 Rf6 23. Rh1 Qc4 24. Qb2 Qa6 25. Rh7+ Kg8 26. Qb3+ Nc4+ 27. Kc1 b5 28. Bd4 d5 29. Qc3 Raf8 30. Bxf6 Qxf6 31. Qxf6 Rxf6 32. f4 dxe4 33. Rxa7 e3 34. Kd1 Rf8 35. Ke2 Rd8 36. Ne4 Rd4 37. Nc3 Rd2+ 1-0

[Event "Quebec op U2000"]
[Site "Montreal CAN"]
[Date "1997.07.28"]
[Round "4"]
[White "Barankin, Garry"]
[Black "Charbonneau, Alain"]
[Result "0-1"]
[WhiteElo "1822"]
[BlackElo "1921"]
[PlyCount "64"]
[GameId "2160767911932481"]
[EventDate "1997.07.26"]
[EventType "swiss"]
[EventRounds "9"]
[EventCountry "CAN"]
[SourceTitle "Echec+ 1998.01"]

1. e4 c5 2. Nf3 d6 3. d4 cxd4 4. Nxd4 Nf6 5. Nc3 Nc6 6. Bg5 e6 7. Qd2 Be7 8. O-O-O O-O 9. h4 a6 10. Kb1 e5 11. Nf5 Bxf5 12. exf5 Nd4 13. Bd3 d5 14. Ne2 Nxe2 15. Bxe2 Qb6 16. Bxf6 Bxf6 17. g4 e4 18. c3 d4 19. cxd4 Rfd8 20. Qf4 Rxd4 21. b3 Rb4 22. Rh3 Rd4 23. g5 Rxd1+ 24. Bxd1 Qd4 25. gxf6 Qxd1+ 26. Kb2 Qd4+ 27. Ka3 b5 28. Qg5 b4+ 29. Ka4 g6 30. fxg6 hxg6 31. Re3 Rb8 32. Qg4 Qd6 0-1

[Event "Quebec-ch"]
[Site "Longueuil CAN"]
[Date "1997.06.05"]
[Round "1"]
[White "Cote, Jacques"]
[Black "Filion, Charles"]
[Result "0-1"]
[WhiteElo "2090"]
[BlackElo "2155"]
[PlyCount "66"]
[GameId "2160767911965666"]
[EventDate "1997.06.05"]
[EventType "tourn"]
[EventRounds "9"]
[EventCountry "CAN"]
[SourceTitle "EXP 58"]
[Source "ChessBase"]
[SourceDate "1997.07.29"]
[SourceVersion "1"]
[SourceVersionDate "1997.07.29"]
[SourceQuality "1"]

1. f4 d5 2. Nf3 g6 3. e3 Bg7 4. d4 Nh6 5. c4 c6 6. Nc3 O-O 7. cxd5 cxd5 8. Qb3 e6 9. Bd3 Nc6 10. Bd2 Bd7 11. O-O Be8 12. Rac1 f6 13. e4 dxe4 14. Bxe4 Nxd4 15. Qxb7 Rb8 16. Qxa7 f5 17. Be3 Rf7 18. Bxd4 Rxa7 19. Bxa7 fxe4 20. Nxe4 Rxb2 21. Rfd1 Qa8 22. Bd4 Bxd4+ 23. Rxd4 Qb8 24. Ne5 Rb1 25. Nf6+ Kh8 26. Rdc4 Rxc1+ 27. Rxc1 Nf7 28. Nxe8 Nxe5 29. fxe5 Qxe8 30. Rc7 Qb8 31. Re7 Qb1+ 32. Kf2 Qb2+ 33. Kf1 Qb5+ 0-1

[Event "Quebec-ch"]
[Site "Longueuil CAN"]
[Date "1997.06.05"]
[Round "1"]
[White "Goldenberg, Danny"]
[Black "Linskiy, Oleg"]
[Result "0-1"]
[WhiteElo "2270"]
[BlackElo "2200"]
[PlyCount "66"]
[GameId "2160767911965667"]
[EventDate "1997.06.05"]
[EventType "tourn"]
[EventRounds "9"]
[EventCountry "CAN"]
[SourceTitle "EXP 58"]
[Source "ChessBase"]
[SourceDate "1997.07.29"]
[SourceVersion "1"]
[SourceVersionDate "1997.07.29"]
[SourceQuality "1"]

1. e4 Nc6 2. Nf3 d5 3. exd5 Qxd5 4. Nc3 Qa5 5. Be2 Nf6 6. O-O Bg4 7. h3 Bh5 8. d3 O-O-O 9. Be3 e5 10. a3 e4 11. b4 Qf5 12. Nxe4 Nxe4 13. dxe4 Qxe4 14. Nd2 Bxe2 15. Nxe4 Bxd1 16. Raxd1 Be7 17. Nc3 Ne5 18. Nd5 Bd6 19. Bd4 f6 20. Ne3 Rhe8 21. Nf5 Bf8 22. Bxe5 Rxd1 23. Rxd1 Rxe5 24. Ne3 g6 25. Kf1 f5 26. c4 b6 27. Nc2 Re4 28. Rd4 Re6 29. Ne3 c5 30. bxc5 Bxc5 31. Rd3 Re4 32. Ke2 f4 33. Kf3 fxe3 0-1

[Event "Quebec-ch"]
[Site "Longueuil CAN"]
[Date "1997.06.05"]
[Round "1"]
[White "Moussa, Alaa Eddine"]
[Black "Schleifer, Michael"]
[Result "1/2-1/2"]
[WhiteElo "2235"]
[BlackElo "2320"]
[PlyCount "56"]
[GameId "2160767911965670"]
[EventDate "1997.06.05"]
[EventType "tourn"]
[EventRounds "9"]
[EventCountry "CAN"]
[SourceTitle "EXP 58"]
[Source "ChessBase"]
[SourceDate "1997.07.29"]
[SourceVersion "1"]
[SourceVersionDate "1997.07.29"]
[SourceQuality "1"]

1. d4 Nf6 2. c4 e6 3. Nf3 Bb4+ 4. Bd2 a5 5. Nc3 Bxc3 6. Bxc3 d5 7. e3 O-O 8. Bd3 b6 9. O-O Bb7 10. Qe2 Nbd7 11. Rfd1 Qe7 12. Rac1 dxc4 13. Bxc4 c5 14. Bb5 Rfd8 15. dxc5 Nxc5 16. Bd4 Rdc8 17. Ne5 Bd5 18. b3 Nfe4 19. f3 Nd6 20. Bxc5 Rxc5 21. Rxc5 bxc5 22. Ba4 f5 23. Nd7 Nf7 24. Rc1 Rc8 25. Qa6 Rd8 26. Qxa5 Qg5 27. Kf2 Qh4+ 28. Kg1 Qg5 1/2-1/2

[Event "Quebec-ch"]
[Site "Longueuil CAN"]
[Date "1997.06.06"]
[Round "2"]
[White "Filion, Charles"]
[Black "Goldenberg, Danny"]
[Result "1/2-1/2"]
[WhiteElo "2155"]
[BlackElo "2270"]
[PlyCount "49"]
[GameId "2160767911965671"]
[EventDate "1997.06.05"]
[EventType "tourn"]
[EventRounds "9"]
[EventCountry "CAN"]
[SourceTitle "EXP 58"]
[Source "ChessBase"]
[SourceDate "1997.07.29"]
[SourceVersion "1"]
[SourceVersionDate "1997.07.29"]
[SourceQuality "1"]

1. e4 c5 2. Nf3 Nc6 3. d4 cxd4 4. Nxd4 e5 5. Nb5 d6 6. c4 Be7 7. N1c3 a6 8. Na3 Be6 9. Nc2 Bg5 10. Be2 h6 11. Bd2 Nf6 12. O-O Bxd2 13. Qxd2 O-O 14. Rfd1 Ne8 15. b4 f5 16. b5 axb5 17. cxb5 Ne7 18. Ne3 fxe4 19. Nxe4 Rf4 20. Nc5 Bd7 21. Qb2 Qb6 22. Nd3 Rfa4 23. Nb4 Qa5 24. Rab1 Rc8 25. Nec2 1/2-1/2

[Event "Quebec-ch"]
[Site "Longueuil CAN"]
[Date "1997.06.06"]
[Round "2"]
[White "Mikanovic, Goran"]
[Black "Saint-Pierre, Benoit"]
[Result "1-0"]
[WhiteElo "2305"]
[BlackElo "2278"]
[PlyCount "75"]
[GameId "2160767911965674"]
[EventDate "1997.06.05"]
[EventType "tourn"]
[EventRounds "9"]
[EventCountry "CAN"]
[SourceTitle "EXP 58"]
[Source "ChessBase"]
[SourceDate "1997.07.29"]
[SourceVersion "1"]
[SourceVersionDate "1997.07.29"]
[SourceQuality "1"]

1. d4 Nf6 2. Nf3 e6 3. c4 b6 4. g3 Bb7 5. Bg2 Bb4+ 6. Bd2 Be7 7. Nc3 O-O 8. O-O Na6 9. Rc1 c5 10. Bg5 d5 11. Bxf6 Bxf6 12. cxd5 exd5 13. e3 Re8 14. Re1 Bc6 15. b3 Rc8 16. Re2 Nc7 17. Rd2 Qe7 18. Ne2 Ne6 19. Ne5 Bxe5 20. dxe5 Nc7 21. Nf4 Qxe5 22. Nxd5 Rcd8 23. Ne7+ Qxe7 24. Bxc6 Rxd2 25. Qxd2 Rd8 26. Qb2 Ne6 27. Bg2 Qd6 28. h4 Qd2 29. Rc2 Qd1+ 30. Kh2 h6 31. Qc3 Rd6 32. Be4 f6 33. Qb2 Kf8 34. Re2 Ke7 35. Bg2 Qd3 36. Qc2 Qxc2 37. Rxc2 Kd7 38. Bf3 1-0

[Event "Quebec-ch"]
[Site "Longueuil CAN"]
[Date "1997.06.06"]
[Round "2"]
[White "Schleifer, Michael"]
[Black "Cote, Jacques"]
[Result "1/2-1/2"]
[WhiteElo "2320"]
[BlackElo "2090"]
[PlyCount "62"]
[GameId "2160767911965675"]
[EventDate "1997.06.05"]
[EventType "tourn"]
[EventRounds "9"]
[EventCountry "CAN"]
[SourceTitle "EXP 58"]
[Source "ChessBase"]
[SourceDate "1997.07.29"]
[SourceVersion "1"]
[SourceVersionDate "1997.07.29"]
[SourceQuality "1"]

1. d4 f5 2. c4 Nf6 3. Nc3 g6 4. g3 Bg7 5. Bg2 O-O 6. Nf3 d6 7. O-O Qe8 8. e4 fxe4 9. Ng5 Nc6 10. Be3 Bg4 11. Qd2 e5 12. d5 Ne7 13. Ngxe4 Nf5 14. Nxf6+ Bxf6 15. Ne4 Nxe3 16. Qxe3 Bg7 17. c5 Qe7 18. Rac1 h6 19. Rc4 Rf7 20. cxd6 cxd6 21. h3 Bf5 22. Rfc1 Bf8 23. R1c3 Qd8 24. Qc1 g5 25. Rc7 Rxc7 26. Rxc7 Rc8 27. Rxc8 Qxc8 28. Qxc8 Bxc8 29. g4 Kf7 30. Ng3 Ke8 31. Be4 Bd7 1/2-1/2

[Event "Quebec-ch"]
[Site "Longueuil CAN"]
[Date "1997.06.07"]
[Round "3"]
[White "Goldenberg, Danny"]
[Black "Schleifer, Michael"]
[Result "1/2-1/2"]
[WhiteElo "2270"]
[BlackElo "2320"]
[PlyCount "97"]
[GameId "2160767911965677"]
[EventDate "1997.06.05"]
[EventType "tourn"]
[EventRounds "9"]
[EventCountry "CAN"]
[SourceTitle "EXP 58"]
[Source "ChessBase"]
[SourceDate "1997.07.29"]
[SourceVersion "1"]
[SourceVersionDate "1997.07.29"]
[SourceQuality "1"]

1. e4 c5 2. Nf3 d6 3. d4 Nf6 4. Nc3 cxd4 5. Nxd4 Nc6 6. Bg5 Qb6 7. Nb3 e6 8. Qd2 a6 9. Bd3 h6 10. Be3 Qc7 11. h3 b5 12. O-O Ne5 13. Rad1 Nc4 14. Bxc4 bxc4 15. Nd4 Bb7 16. f3 d5 17. exd5 Bxd5 18. Rfe1 Qb7 19. Bf2 Bb4 20. Bh4 O-O-O 21. Qe2 g5 22. Nxd5 exd5 23. c3 Bd6 24. Bf2 Nh5 25. Nf5 Nf4 26. Nxd6+ Rxd6 27. Qe5 Rhd8 28. Qf5+ Qd7 29. Qxd7+ R6xd7 30. Bd4 Rb7 31. Rb1 Nd3 32. Re2 Kd7 33. b4 Rg8 34. a4 Rg6 35. Ra2 Re6 36. b5 f5 37. Raa1 Nf4 38. Kf2 Kc8 39. Ra2 h5 40. Kf1 h4 41. Raa1 Ne2 42. bxa6 Ng3+ 43. Kf2 Rxa6 44. Rxb7 Kxb7 45. Rb1+ Kc8 46. Rb4 Re6 47. Rb2 Nh1+ 48. Kf1 Ng3+ 49. Kf2 1/2-1/2

[Event "Quebec-ch"]
[Site "Longueuil CAN"]
[Date "1997.06.07"]
[Round "3"]
[White "Moussa, Alaa Eddine"]
[Black "Mikanovic, Goran"]
[Result "1-0"]
[WhiteElo "2235"]
[BlackElo "2305"]
[PlyCount "95"]
[GameId "2160767911965679"]
[EventDate "1997.06.05"]
[EventType "tourn"]
[EventRounds "9"]
[EventCountry "CAN"]
[SourceTitle "EXP 58"]
[Source "ChessBase"]
[SourceDate "1997.07.29"]
[SourceVersion "1"]
[SourceVersionDate "1997.07.29"]
[SourceQuality "1"]

1. d4 Nf6 2. c4 e6 3. Nf3 b6 4. g3 Ba6 5. b3 Bb4+ 6. Bd2 Be7 7. Nc3 d5 8. cxd5 Nxd5 9. Bg2 O-O 10. Nxd5 exd5 11. O-O Nd7 12. Re1 Bf6 13. Rc1 Re8 14. Be3 Rc8 15. Bh3 Rb8 16. Rc2 Rb7 17. Qc1 Nf8 18. Bf4 Re7 19. Be5 Bxe5 20. Nxe5 Bb5 21. Nc6 Bxc6 22. Rxc6 Nd7 23. b4 Nf6 24. Bg2 Qe8 25. Qc2 Qd7 26. Rc1 a6 27. e3 Ra7 28. a4 Re6 29. Rxc7 Rxc7 30. Qxc7 Qxa4 31. Qb8+ Re8 32. Qxb6 Qa3 33. Qc6 h5 34. h3 h4 35. g4 Qa2 36. g5 Re6 37. Qa8+ Ne8 38. Bxd5 Qd2 39. Bxe6 Qxc1+ 40. Kg2 fxe6 41. Qxe8+ Kh7 42. Qxe6 Qb1 43. d5 Qxb4 44. Qf5+ Kg8 45. g6 Qb7 46. e4 a5 47. d6 a4 48. d7 1-0

[Event "Quebec-ch"]
[Site "Longueuil CAN"]
[Date "1997.06.07"]
[Round "3"]
[White "Saint-Pierre, Benoit"]
[Black "Linskiy, Oleg"]
[Result "1-0"]
[WhiteElo "2278"]
[BlackElo "2200"]
[PlyCount "75"]
[GameId "2160767911965680"]
[EventDate "1997.06.05"]
[EventType "tourn"]
[EventRounds "9"]
[EventCountry "CAN"]
[SourceTitle "EXP 58"]
[Source "ChessBase"]
[SourceDate "1997.07.29"]
[SourceVersion "1"]
[SourceVersionDate "1997.07.29"]
[SourceQuality "1"]

1. d4 Nf6 2. Nf3 g6 3. Bf4 Bg7 4. e3 d6 5. h3 O-O 6. Be2 c5 7. c3 cxd4 8. exd4 Be6 9. Nbd2 Qb6 10. Qc2 Nc6 11. Nc4 Qc7 12. Ne3 Nd5 13. Nxd5 Bxd5 14. Qd2 Rfe8 15. O-O Rab8 16. Bh6 Bf6 17. Bg5 b5 18. Rfe1 Bh8 19. Nh2 Na5 20. b3 Ba8 21. Rac1 Rbc8 22. Bxb5 Qb7 23. Bf1 d5 24. c4 Nc6 25. Nf3 dxc4 26. bxc4 Nxd4 27. Nxd4 Rcd8 28. Be3 e5 29. c5 exd4 30. Bg5 Rxe1 31. Qxe1 Rc8 32. c6 Qc7 33. Bb5 Be5 34. Qd2 Rb8 35. a4 h5 36. f4 Bg7 37. f5 Qe5 38. Bf4 1-0

[Event "Quebec-ch"]
[Site "Longueuil CAN"]
[Date "1997.06.08"]
[Round "4"]
[White "Filion, Charles"]
[Black "Saint-Pierre, Benoit"]
[Result "0-1"]
[WhiteElo "2155"]
[BlackElo "2278"]
[PlyCount "83"]
[GameId "2160767911965681"]
[EventDate "1997.06.05"]
[EventType "tourn"]
[EventRounds "9"]
[EventCountry "CAN"]
[SourceTitle "EXP 58"]
[Source "ChessBase"]
[SourceDate "1997.07.29"]
[SourceVersion "1"]
[SourceVersionDate "1997.07.29"]
[SourceQuality "1"]

1. e4 c5 2. Nf3 d6 3. d4 cxd4 4. Nxd4 Nf6 5. Nc3 Nc6 6. Bg5 e6 7. Qd2 a6 8. O-O-O Bd7 9. f3 b5 10. Kb1 Be7 11. h4 O-O 12. Nxc6 Bxc6 13. Ne2 Qb6 14. g4 Rac8 15. Be3 Qc7 16. g5 Nd7 17. h5 Ne5 18. Nd4 Bd7 19. f4 Nc4 20. Bxc4 bxc4 21. f5 c3 22. Qg2 Qb7 23. b3 exf5 24. Rh4 fxe4 25. Rg1 f5 26. gxf6 Bxf6 27. Bh6 Rf7 28. Ne2 Bxh4 29. Bxg7 Bh3 30. Qxh3 Bf2 31. Rg2 Rxg7 32. Qe6+ Kh8 33. Rxg7 Kxg7 34. h6+ Kf8 35. Qf5+ Ke8 36. Qe6+ Kd8 37. Qf6+ Ke8 38. Qxf2 Qd5 39. Nd4 Rc7 40. a4 Rf7 41. Qg1 Ke7 42. Ne2 0-1

[Event "Quebec-ch"]
[Site "Longueuil CAN"]
[Date "1997.06.08"]
[Round "4"]
[White "Mikanovic, Goran"]
[Black "Linskiy, Oleg"]
[Result "0-1"]
[WhiteElo "2305"]
[BlackElo "2200"]
[PlyCount "120"]
[GameId "2160767911965683"]
[EventDate "1997.06.05"]
[EventType "tourn"]
[EventRounds "9"]
[EventCountry "CAN"]
[SourceTitle "EXP 58"]
[Source "ChessBase"]
[SourceDate "1997.07.29"]
[SourceVersion "1"]
[SourceVersionDate "1997.07.29"]
[SourceQuality "1"]

1. d4 e6 2. Nf3 c5 3. g3 b6 4. Bg2 Bb7 5. c4 cxd4 6. O-O Nf6 7. Nxd4 Bxg2 8. Kxg2 a6 9. e3 Be7 10. Nc3 O-O 11. Qf3 Ra7 12. b3 Qc8 13. Bb2 d6 14. Rac1 Rc7 15. Rfd1 Nbd7 16. h3 Ne5 17. Qe2 Qb7+ 18. Kh2 Rfc8 19. f4 Ned7 20. Qg2 Nc5 21. Qxb7 Rxb7 22. Kg2 Bf8 23. Nde2 Ra8 24. Rc2 Ne8 25. Kf3 g6 26. Ne4 Nxe4 27. Kxe4 b5 28. Kf3 Rc8 29. Rdc1 Rbc7 30. Ba3 Nf6 31. Nd4 bxc4 32. Rxc4 Rxc4 33. Rxc4 Rxc4 34. bxc4 Nd7 35. Nb3 f5 36. Ke2 Kf7 37. Kd3 e5 38. fxe5 Nxe5+ 39. Kc3 Nd7 40. Nd4 Nf6 41. Ne2 Ne4+ 42. Kd4 Ke6 43. h4 Bg7+ 44. Kd3 Be5 45. Bb4 Bxg3 46. Nxg3 Nxg3 47. c5 dxc5 48. Bxc5 Kd5 49. Bf8 Ne4 50. Bh6 Nf2+ 51. Kc3 Ng4 52. Bg5 Ke4 53. Kb4 Nxe3 54. h5 f4 55. hxg6 hxg6 56. Ka5 f3 57. Bh4 g5 58. Be1 g4 59. a4 Nf5 60. Kxa6 g3 0-1

[Event "Quebec-ch"]
[Site "Longueuil CAN"]
[Date "1997.06.08"]
[Round "4"]
[White "Moussa, Alaa Eddine"]
[Black "Cote, Jacques"]
[Result "1-0"]
[WhiteElo "2235"]
[BlackElo "2090"]
[PlyCount "81"]
[GameId "2160767911965684"]
[EventDate "1997.06.05"]
[EventType "tourn"]
[EventRounds "9"]
[EventCountry "CAN"]
[SourceTitle "EXP 58"]
[Source "ChessBase"]
[SourceDate "1997.07.29"]
[SourceVersion "1"]
[SourceVersionDate "1997.07.29"]
[SourceQuality "1"]

1. d4 f5 2. c4 Nf6 3. g3 g6 4. Bg2 Bg7 5. Nf3 O-O 6. O-O d6 7. Nc3 Qe8 8. b3 Na6 9. Ba3 h6 10. Qd3 c6 11. Rae1 g5 12. Nd2 Qh5 13. f3 f4 14. e4 Qg6 15. Ne2 fxg3 16. Nxg3 Nh5 17. Nxh5 Qxh5 18. e5 Bf5 19. Qc3 c5 20. dxc5 Bxe5 21. Rxe5 dxe5 22. Qxe5 Rad8 23. Bb2 Qg6 24. Ne4 Bxe4 25. Qh8+ Kf7 26. fxe4+ Ke6 27. Rxf8 Rd1+ 28. Rf1 Rxf1+ 29. Kxf1 Qf7+ 30. Kg1 Kd7 31. Bh3+ e6 32. Qd4+ Ke8 33. Qd6 g4 34. Bxg4 Nc7 35. c6 bxc6 36. Qxc6+ Kf8 37. Qc5+ Kg8 38. Qd4 Qg6 39. h3 h5 40. Qh8+ Kf7 41. Qxh5 1-0

[Event "Quebec-ch"]
[Site "Longueuil CAN"]
[Date "1997.06.09"]
[Round "5"]
[White "Cote, Jacques"]
[Black "Mikanovic, Goran"]
[Result "0-1"]
[WhiteElo "2090"]
[BlackElo "2305"]
[PlyCount "84"]
[GameId "2160767911965686"]
[EventDate "1997.06.05"]
[EventType "tourn"]
[EventRounds "9"]
[EventCountry "CAN"]
[SourceTitle "EXP 58"]
[Source "ChessBase"]
[SourceDate "1997.07.29"]
[SourceVersion "1"]
[SourceVersionDate "1997.07.29"]
[SourceQuality "1"]

1. e4 c5 2. Nf3 e6 3. d4 cxd4 4. Nxd4 a6 5. Nc3 Qc7 6. g3 d6 7. Bg2 Nc6 8. O-O Bd7 9. Nde2 Nf6 10. Nf4 Be7 11. b3 Rc8 12. Bb2 b5 13. a3 Ne5 14. Rc1 O-O 15. Nd3 Bc6 16. Qe2 Ng6 17. f4 Rfe8 18. Bf3 a5 19. Nd1 Qb7 20. N1f2 Bd8 21. h4 h6 22. h5 Nf8 23. Kh2 N8d7 24. Rce1 e5 25. Rg1 Nh7 26. Bg4 Bf6 27. Bf5 Rcd8 28. Ng4 Qc7 29. Bxh7+ Kxh7 30. Nxf6+ Nxf6 31. fxe5 dxe5 32. Qf3 Bd7 33. Rg2 Bg4 34. Qf1 Bxh5 35. Kh1 Bg6 36. Nf2 Qxc2 37. Ng4 Bxe4 38. Nxf6+ gxf6 39. Rxe4 Qxe4 40. Qxf6 Qg6 41. Bxe5 Rd1+ 42. Rg1 Qh5+ 0-1

[Event "Quebec-ch"]
[Site "Longueuil CAN"]
[Date "1997.06.09"]
[Round "5"]
[White "Goldenberg, Danny"]
[Black "Moussa, Alaa Eddine"]
[Result "1/2-1/2"]
[WhiteElo "2270"]
[BlackElo "2235"]
[PlyCount "120"]
[GameId "2160767911965687"]
[EventDate "1997.06.05"]
[EventType "tourn"]
[EventRounds "9"]
[EventCountry "CAN"]
[SourceTitle "EXP 58"]
[Source "ChessBase"]
[SourceDate "1997.07.29"]
[SourceVersion "1"]
[SourceVersionDate "1997.07.29"]
[SourceQuality "1"]

1. e4 c5 2. Nf3 Nc6 3. d4 cxd4 4. Nxd4 Nf6 5. Nc3 e5 6. Ndb5 d6 7. Bg5 a6 8. Na3 b5 9. Bxf6 gxf6 10. Nd5 Bg7 11. Bd3 Ne7 12. Nxe7 Qxe7 13. c4 f5 14. O-O bxc4 15. Nxc4 O-O 16. Qh5 Rb8 17. b3 fxe4 18. Bxe4 f5 19. Bd5+ Kh8 20. Rfd1 Rf6 21. Rac1 Rh6 22. Qf7 Qxf7 23. Bxf7 Bf8 24. Na5 Be6 25. Bxe6 Rxe6 26. Rc6 Ra8 27. Rd5 Kg7 28. Nc4 Kf6 29. g3 Be7 30. Kg2 h5 31. b4 Rb8 32. Nb6 Rb7 33. a3 Kf7 34. Kh3 Rb8 35. Nc4 Rb5 36. Nxd6+ Bxd6 37. Rdxd6 Rxd6 38. Rxd6 a5 39. bxa5 Rxa5 40. Rd3 Ra4 41. Kg2 h4 42. Kf1 Ke6 43. Ke2 f4 44. gxf4 Rxf4 45. Rb3 Ra4 46. h3 Kf5 47. Kd2 Kg5 48. Rf3 e4 49. Rb3 Kf4 50. Ke2 Rc4 51. Kd2 Rd4+ 52. Ke2 Rc4 53. Kf1 Rc1+ 54. Kg2 Rc2 55. Re3 Rb2 56. Rc3 Ra2 57. Rb3 Ra1 58. Rc3 Ra2 59. Re3 Rb2 60. Kf1 Rb1+ 1/2-1/2

[Event "Quebec-ch"]
[Site "Longueuil CAN"]
[Date "1997.06.09"]
[Round "5"]
[White "Linskiy, Oleg"]
[Black "Filion, Charles"]
[Result "0-1"]
[WhiteElo "2200"]
[BlackElo "2155"]
[PlyCount "108"]
[GameId "2160767911965689"]
[EventDate "1997.06.05"]
[EventType "tourn"]
[EventRounds "9"]
[EventCountry "CAN"]
[SourceTitle "EXP 58"]
[Source "ChessBase"]
[SourceDate "1997.07.29"]
[SourceVersion "1"]
[SourceVersionDate "1997.07.29"]
[SourceQuality "1"]

1. e4 c5 2. Nc3 d6 3. f4 Nc6 4. Nf3 g6 5. Bb5 Bd7 6. O-O Bg7 7. d3 a6 8. Bxc6 Bxc6 9. Qe1 Qd7 10. Bd2 e6 11. a4 b6 12. Kh1 Ne7 13. Qh4 O-O 14. a5 b5 15. Rae1 f5 16. Qh3 Rae8 17. b3 h6 18. Rf2 b4 19. Nd1 Bb7 20. Rfe2 Nc6 21. Re3 Qf7 22. R3e2 Nxa5 23. e5 Bxf3 24. Qxf3 d5 25. d4 Nc6 26. dxc5 Nd4 27. Qe3 Nxe2 28. Bxb4 Rb8 29. Ba3 Nxf4 30. Qxf4 Qc7 31. b4 a5 32. c3 g5 33. Qd4 f4 34. Nf2 h5 35. Nd3 axb4 36. cxb4 Ra8 37. Bb2 Qb7 38. Rc1 Qb5 39. c6 Rfc8 40. c7 Qb7 41. h4 Rxc7 42. Rxc7 Qxc7 43. hxg5 Qc2 44. Nxf4 Ra2 45. Bc3 h4 46. Kh2 Qf5 47. b5 Qxg5 48. b6 Qg3+ 49. Kh1 Rc2 50. Bb2 Rxb2 51. Qxb2 Qe1+ 52. Kh2 Bxe5 53. Qa3 Bxf4+ 54. Kh3 Qg3+ 0-1

[Event "Quebec-ch"]
[Site "Longueuil CAN"]
[Date "1997.06.09"]
[Round "5"]
[White "Saint-Pierre, Benoit"]
[Black "Schleifer, Michael"]
[Result "0-1"]
[WhiteElo "2278"]
[BlackElo "2320"]
[PlyCount "82"]
[GameId "2160767911965690"]
[EventDate "1997.06.05"]
[EventType "tourn"]
[EventRounds "9"]
[EventCountry "CAN"]
[SourceTitle "EXP 58"]
[Source "ChessBase"]
[SourceDate "1997.07.29"]
[SourceVersion "1"]
[SourceVersionDate "1997.07.29"]
[SourceQuality "1"]

1. d4 Nf6 2. Nf3 g6 3. Bf4 Bg7 4. e3 d6 5. h3 O-O 6. Be2 c6 7. c4 b5 8. cxb5 cxb5 9. O-O a6 10. Nbd2 Bb7 11. a4 b4 12. Bd3 Nbd7 13. Qe2 Re8 14. e4 Nh5 15. Be3 e5 16. dxe5 Nxe5 17. Bg5 Bf6 18. Bxf6 Qxf6 19. Nxe5 Rxe5 20. Nc4 Nf4 21. Qf3 Rh5 22. Kh2 Kg7 23. Rfd1 Re8 24. Bc2 Re6 25. Rd2 Rc5 26. Ne3 b3 27. Bd3 Nxd3 28. Qxf6+ Rxf6 29. Rxd3 Rxf2 30. Rxb3 Bxe4 31. Kg1 Rd2 32. Kf1 Re5 33. Ke1 Rd4 34. Kf1 h5 35. g3 Re6 36. a5 Rf6+ 37. Ke1 Re6 38. Kf1 Rf6+ 39. Ke1 Rf3 40. Rc1 Kg8 41. Nf1 Rxb3 0-1

[Event "Quebec-ch"]
[Site "Longueuil CAN"]
[Date "1997.06.11"]
[Round "6"]
[White "Cote, Jacques"]
[Black "Goldenberg, Danny"]
[Result "0-1"]
[WhiteElo "2090"]
[BlackElo "2270"]
[PlyCount "92"]
[GameId "2160767911965691"]
[EventDate "1997.06.05"]
[EventType "tourn"]
[EventRounds "9"]
[EventCountry "CAN"]
[SourceTitle "EXP 58"]
[Source "ChessBase"]
[SourceDate "1997.07.29"]
[SourceVersion "1"]
[SourceVersionDate "1997.07.29"]
[SourceQuality "1"]

1. e4 c5 2. Nf3 Nc6 3. d4 cxd4 4. Nxd4 e5 5. Nb5 d6 6. N1c3 a6 7. Na3 b5 8. Nd5 Nge7 9. Be3 Nxd5 10. exd5 Ne7 11. c4 Nf5 12. Qd2 Be7 13. cxb5 O-O 14. bxa6 Nxe3 15. fxe3 f5 16. Be2 Bg5 17. Qc3 e4 18. Nc2 Bf6 19. Nd4 Be5 20. g3 Qe8 21. b4 Bxa6 22. Bxa6 Rxa6 23. O-O Qa8 24. Qc4 Ra3 25. Rfe1 Rc8 26. Nc6 Kf8 27. Rac1 Rxa2 28. Rf1 Qa3 29. Qxe4 g6 30. Rc4 Qb2 31. Rxf5+ Kg7 32. Rf7+ Kxf7 33. Nxe5+ dxe5 34. Qf3+ Kg7 35. Rxc8 Ra1+ 36. Qf1 Rxf1+ 37. Kxf1 Qb1+ 38. Ke2 Qa2+ 39. Ke1 Qxd5 40. Rc7+ Kh6 41. Rc5 Qd3 42. Kf2 e4 43. b5 Qd2+ 44. Kf1 Qxe3 45. Rd5 Qf3+ 46. Kg1 e3 0-1

[Event "Quebec-ch"]
[Site "Longueuil CAN"]
[Date "1997.06.11"]
[Round "6"]
[White "Mikanovic, Goran"]
[Black "Filion, Charles"]
[Result "1-0"]
[WhiteElo "2305"]
[BlackElo "2155"]
[PlyCount "83"]
[GameId "2160767911965693"]
[EventDate "1997.06.05"]
[EventType "tourn"]
[EventRounds "9"]
[EventCountry "CAN"]
[SourceTitle "EXP 58"]
[Source "ChessBase"]
[SourceDate "1997.07.29"]
[SourceVersion "1"]
[SourceVersionDate "1997.07.29"]
[SourceQuality "1"]

1. d4 Nf6 2. Nf3 e6 3. g3 b6 4. Bg2 Bb7 5. O-O Be7 6. c4 O-O 7. Nc3 Ne4 8. Bd2 Bf6 9. Rc1 c5 10. d5 Nxc3 11. Bxc3 exd5 12. cxd5 d6 13. e4 Nd7 14. Re1 Re8 15. a4 Ba6 16. Qd2 Rb8 17. Qf4 Bxc3 18. Rxc3 Nf6 19. Rce3 h6 20. Nd2 Re5 21. Qf3 Qd7 22. Qd1 Rbe8 23. h3 R5e7 24. b3 Qc7 25. Nc4 Bxc4 26. bxc4 Qb8 27. f4 a6 28. e5 dxe5 29. d6 Re6 30. fxe5 Nd7 31. Bc6 Qd8 32. Qh5 Nf6 33. Qf3 Nd7 34. Qf4 Rf8 35. Rf1 Qe8 36. Rfe1 Qd8 37. Bd5 Rg6 38. Kh2 Kh8 39. Bxf7 Nxe5 40. Rxe5 Rf6 41. Re8 Rxf4 42. Rxd8 1-0